Casebook to accompany International Marketing : (Record no. 1215)

000 -LEADER
fixed length control field 00622nam a2200205 a 4500
008 - FIXED-LENGTH DATA ELEMENTS--GENERAL INFORMATION
fixed length control field 191211s2009 ii a|||g |||| 001 0 eng d
020 ## - INTERNATIONAL STANDARD BOOK NUMBER
International Standard Book Number 978817722370S
040 ## - CATALOGING SOURCE
Original cataloging agency IMU Kochi Library
Language of cataloging eng
041 0# - LANGUAGE CODE
Language code of text/sound track or separate title eng
044 ## - COUNTRY OF PUBLISHING/PRODUCING ENTITY CODE
MARC country code India
082 04 - DEWEY DECIMAL CLASSIFICATION NUMBER
Edition number 23
Classification number 658.84
Item number L333
100 1# - MAIN ENTRY--PERSONAL NAME
Personal name Lascu, Dana-Nicoleta
245 10 - TITLE STATEMENT
Title Casebook to accompany International Marketing :
Sub Title managing worldwide operations in a changing international environment /
260 ## - PUBLICATION, DISTRIBUTION, ETC. (IMPRINT)
Place of publication, distribution, etc New Delhi :
Name of publisher, distributor, etc Biztantra ,
Date of publication, distribution, etc 2009.
300 ## - PHYSICAL DESCRIPTION
Extent vii, 51 p. :
Other physical details ill. ;
Dimensions 27 cm.
650 #0 - SUBJECT ADDED ENTRY--TOPICAL TERM
Topical term or geographic name as entry element Marketing--Case studies
852 ## - LOCATION/CALL NUMBER
Location IMU Kochi Library
904 ## - LOCAL DATA ELEMENT D, LDD (RLIN)
CATALOGER Akhil Bose
942 ## - ADDED ENTRY ELEMENTS (KOHA)
Item type Books
Holdings
Withdrawn status Lost status Source of classification or shelving scheme Damaged status Not for loan Collection code Permanent location Current location Shelving location Date acquired Source of acquisition Full call number Barcode Date last seen Koha item type Public note
          Management Studies IMU Kochi Library IMU Kochi Library General Stacks 2013-06-04 M/s Sterling Book House (Inv. No.393 dt. 2013-05-23) 658.84 L333 BK002372A 2019-12-11 Books Gen. Shelf-41, Row-4
          Management Studies IMU Kochi Library IMU Kochi Library General Stacks 2013-06-04 M/s Sterling Book House (Inv. No.393 dt. 2013-05-23) 658.84 L333 BK002373A 2019-12-11 Books Gen. Shelf-41, Row-4


Copyright © All Rights Reserved by Indian Maritime University, Kochi Campus.
For any Suggestions/Query Contact to library or Email: library.kochi@imu.ac.in Ph:(0484)-2989402
(Web OPAC Designed by Rudra Ranjan. Maintained by IMU Kochi Library)

Powered by Koha